| 000 | 00706nam a22002297a 4500 | ||
|---|---|---|---|
| 005 | 20220726145410.0 | ||
| 008 | 220726b ||||| |||| 00| 0 eng d | ||
| 040 | _cAL | ||
| 041 | _aEnglish | ||
| 082 |
_223 _a335.009 _bNARS |
||
| 100 |
_aJayaprakash Narayan _953359 |
||
| 245 | _aSocialism Sarvodaya and Democracy: Selected works of Jayaprakash Narayan | ||
| 260 |
_aBombay _bAsia Publishing House _c1964 |
||
| 300 |
_axIiii, 287 p. _bHB _c22x14.5 cm. |
||
| 365 |
_b₹24.00 _c₹ _d₹24.00 |
||
| 650 |
_aSocialism _953360 |
||
| 650 |
_aIndia _953361 |
||
| 650 |
_aPolitics and government _953362 |
||
| 700 |
_aNARAYAN (Jayaprakash) _953363 |
||
| 700 |
_aPRASAD (Bimla) Ed _953364 |
||
| 942 |
_2ddc _cGF |
||
| 999 |
_c224197 _d224197 |
||